Seasoning behaviour of rubberwood- A under-utilized non-conventional timber resource (Record no. 48063)
[ view plain ]
| 000 -LEADER | |
|---|---|
| fixed length control field | 01311nam a2200145Ia 4500 |
| 100 ## - MAIN ENTRY--AUTHOR NAME | |
| Personal name | Sharma S N |
| 245 #0 - TITLE STATEMENT | |
| Title | Seasoning behaviour of rubberwood- A under-utilized non-conventional timber resource |
| 260 ## - PUBLICATION, DISTRIBUTION, ETC. (IMPRINT) | |
| Name of publisher | Journal of the Timber Development Association(India) |
| Year of publication | 1981 |
| 300 ## - PHYSICAL DESCRIPTION | |
| Number of Pages | 20-29 |
| 520 ## - SUMMARY, ETC. | |
| Summary, etc | Rubberwood can be dried rapidly. 28 mm planking takes 4 days and 63 x 105 mm framing 13 days to killn dry from green condition. The timber contains widely variable amounts of tension wood. Spring, bow and twist are common but not too severe. A 5-6 mm oversize would suffice to preclude them from the dried stock by sunsequent planing. These defects would not assume objectionable proportions in short-length narrow-width timber intended for furniture, packing cases, bobbins, shuttles, footwear bottoms etc. Pith and centre heart must be excluded during sawing. The timber shows a little surface cracking tendency, which however will need further extensive testing. Tentatively, Schedule No. V of IS: 1141-1973 is recommended as such for planking and with initial humidities increased by 7;for framing. The timber compares with aini and chickrassy in drying rate and shrinkage. |
| 650 ## - SUBJECT ADDED ENTRY--TOPICAL TERM | |
| Topical Term | Rubberwood seasoning |
| 700 ## - ADDED ENTRY--PERSONAL NAME | |
| Personal name | Kukreti D P |
| 942 ## - ADDED ENTRY ELEMENTS (KOHA) | |
| Koha item type | Bibliography RLWO |
| Withdrawn status | Lost status | Damaged status | Not for loan | Home library | Current library | Date acquired | Serial Enumeration / chronology | Koha item type |
|---|---|---|---|---|---|---|---|---|
| Bibliography | RRII Library | RRII Library | 31/12/2021 | Volume 27, Issue 2 | Bibliography RLWO |